| 000 | 00536cam a2200205ua 4500 | ||
|---|---|---|---|
| 001 | 2089 | ||
| 005 | 20260515113438.0 | ||
| 008 | 110804n ii |||gr||||Z||||||eng | ||
| 020 | _a81-7457-143-4 | ||
| 040 | _cMAIN | ||
| 082 | _a370.54 | ||
| 100 | _aMathur, S. S., | ||
| 245 | 1 |
_aSociological approach to indian education _cby S. S. Mathur |
|
| 250 | _a10th. | ||
| 260 |
_aAgra: _bVinod pustak mandir,997. |
||
| 300 |
_axx; 511p: _c23cm. |
||
| 653 | _aEducation | ||
| 653 | _aSociological approach to indian education | ||
| 942 | _cBK | ||
| 999 |
_c1956 _d1956 |
||